000 01243nam a2200313 a 4500
001 ebr10455575
003 CaPaEBR
006 m u
007 cr cn|||||||||
008 110414s2006 enk sb 001 0deng d
020 _z1844650669 (hardback)
020 _z9781844650668
020 _z1844650677 (pbk.)
020 _z9781844650675
020 _z9781844653799 (e-book)
040 _aCaPaEBR
_cCaPaEBR
035 _a(OCoLC)715185157
050 1 4 _aB1649.P64
_bS27 2006eb
100 1 _aSassower, Raphael.
245 1 0 _aPopper's legacy
_h[electronic resource] :
_brethinking politics, economics and science /
_cRaphael Sassower.
260 _aStocksfield :
_bAcumen,
_c2006.
300 _avii, 151p.
504 _aIncludes bibliographical references and index.
533 _aElectronic reproduction.
_bPalo Alto, Calif. :
_cebrary,
_d2011.
_nAvailable via World Wide Web.
_nAccess may be limited to ebrary affiliated libraries.
600 1 0 _aPopper, Karl R.
_q(Karl Raimund),
_d1902-1994
_xCriticism and interpretation.
655 7 _aElectronic books.
_2local
710 2 _aebrary, Inc.
856 4 0 _uhttp://site.ebrary.com/lib/rucke/Doc?id=10455575
_zAn electronic book accessible through the World Wide Web; click to view
999 _c123141
_d123141